=LDR 00000nam 2200000 4500 =001 INLIS000000000016888 =990 ##$$a 20402818 =005 20201229105439 =990 ##$$a 20402820 =035 ##$$a 0010-061300000016888 =990 ##$$a 20402817 =008 201229################g##########0#ind## =990 ##$$a 20402819 =041 ##$$a Ind =082 ##$$a 331.602 6 =090 ##$$a 344.01 62 Sya p =100 ##$$a Syarif, H.S =245 1#$$a Pedoman penggunaan tenaga kerja asing di Indonesia dan peraturan-peraturannya /$c Drs. H.S Syarif =260 ##$$a Jakarta :$b Sinar Grafika,$c 1996 =300 ##$$a xv, 693 hlm, : $b ilus. ; $c 20 x 14 cm. =650 #4$$a Undang-undang dan Peraturan Indonesia =850 ##$$a NBPNMAT =020 ##$$a 979-8061-24-1 =084 ##$$a 331.602 6 SYA p =990 ##$$a 20402818 =990 ##$$a 20402820 =990 ##$$a 20402817 =990 ##$$a 20402819 =990 ##$$a 20402820 =990 ##$$a 20402818 =990 ##$$a 20402817 =990 ##$$a 20402819